| 000 | 00682nam a22002177a 4500 | ||
|---|---|---|---|
| 999 |
_c10141 _d10141 |
||
| 001 | 10141 | ||
| 003 | OSt | ||
| 005 | 20180521095901.0 | ||
| 008 | 180418b1996 bg ||||| |||| 00| 0 ben d | ||
| 035 | _a(BD-JhCC)10141 | ||
| 040 |
_aBD-JhCC _dBD-JhCC |
||
| 041 | _aben | ||
| 082 |
_a111 _bAHA 1996 |
||
| 100 | _aআহমেদ, নওয়াজেশ | ||
| 245 |
_aবাস্তবের অন্বেষা / _c নওয়াজেশ আহমেদ |
||
| 260 |
_aঢাকা : _bবাংলাদেশ শিল্পকলা একাডেমী _c1996. |
||
| 300 |
_a100 p. : _bII _c23 cm. |
||
| 650 | _aColor (Philosophy) | ||
| 942 |
_2ddc _cBK |
||